| 000 -CABECERA |
| Longitud fija campo de control |
00724nam a2200205 a 4500 |
| 001 - NÚMERO DE CONTROL |
| Número de control |
1588 |
| 003 - IDENTIFICADOR DEL NÚMERO DE CONTROL |
| Identificador del número de control |
CDMR |
| 005 - FECHA Y HORA DE LA ÚLTIMA TRANSACCIÓN |
| Fecha y hora de la última transacción |
20131128121401.0 |
| 008 - CÓDIGOS DE INFORMACIÓN DE LONGITUD FIJA |
| Códigos de información de longitud fija |
130130s1985||||||||||||||||||||||||||||d |
| 020 ## - NÚMERO INTERNACIONAL NORMALIZADO PARA LIBROS |
| Número Internacional Normalizado para Libros (ISBN) |
847488120X |
| 040 ## - FUENTE DE LA CATALOGACIÓN |
| Centro catalogador de origen |
CDMR |
| Lengua de catalogación |
cat |
| Centro transcriptor |
CDMR |
| 111 2# - PUNTO DE ACCESO PRINCIPAL-NOMBRE DE CONGRESO |
| Nombre de congreso o jurisdicción como elemento de entrada |
Jornades sobre Meso-comunicació a Catalunya |
| 9 (RLIN) |
1193 |
| Fecha del congreso |
1985 |
| Número del congreso o número de parte o sección de la obra |
1es |
| 245 10 - MENCIÓN DE TÍTULO |
| Título |
I Jornades sobre meso-comunicació a Catalunya |
| Resto del título |
: Sant Cugat del Vallès 2, 3, i 4 de març de 1985 |
| Mención de responsabilidad, etc. |
[revisió general per Daniel E. Jones i Joan Corbella] |
| 260 ## - PUBLICACIÓN, DISTRIBUCIÓN, ETC. (PIE DE IMPRENTA) |
| Lugar de publicación, distribución, etc. |
Bellaterra |
| Fecha de publicación, distribución, etc. |
1985 |
| Nombre del editor, distribuidor, etc. |
Universitat Autònoma de Barcelona |
| 300 ## - DESCRIPCIÓN FÍSICA |
| Extensión |
275 p. |
| 650 04 - PUNTO DE ACCESO ADICIONAL DE MATERIA - TÉRMINO DE MATERIA |
| 9 (RLIN) |
4399 |
| Término de materia o nombre geográfico como elemento inicial |
Comunicació |
| Subdivisión de materia general |
Congressos |
| 700 1# - PUNTO DE ACCESO ADICIONAL - NOMBRE DE PERSONA |
| 9 (RLIN) |
943 |
| Nombre de persona |
Jones, Daniel Evan |
| 700 1# - PUNTO DE ACCESO ADICIONAL - NOMBRE DE PERSONA |
| 9 (RLIN) |
364 |
| Nombre de persona |
Corbella, Joan Maria |
| 942 ## - ENTRADA DE ELEMENTOS AGREGADOS (KOHA) |
| Koha [por defecto] tipo de item |
Monografies |
| Fuente de clasificaión o esquema |
|